[Event "Vellmar Chess Days"]
[Site "chess24.com"]
[Date "2015.08.09"]
[Round "6.7"]
[White "Zahn, Richard"]
[Black "Clemens, Adrian"]
[Result "1/2-1/2"]
[WhiteElo "2091"]
[BlackElo "2170"]
[PlyCount "115"]
[EventDate "2015.??.??"]
[WhiteTeam "Germany"]
[BlackTeam "Netherlands"]
[WhiteTeamCountry "GER"]
[BlackTeamCountry "NED"]
[WhiteClock "0:13:39"]
[BlackClock "0:27:49"]

1. f4 d5 2. Nf3 Bg4 3. e3 Nd7 4. d4 Ngf6 5. Bd3 g6 6. Nbd2 Bg7 7. O-O O-O 8.
Qe1 Bxf3 9. Rxf3 c5 10. c3 e6 11. Rh3 Rc8 12. Nf3 Ne4 13. g4 Qe7 14. Bxe4 dxe4
15. Ng5 Nf6 16. Qh4 Rfe8 17. Nxh7 Nxh7 18. Qxh7+ Kf8 19. Bd2 f5 20. Qxg6 Qf7
21. gxf5 exf5 22. Qg5 Re6 23. Kh1 Rg6 24. Qh5 Rcc6 25. Rg3 Ra6 26. Rxg6 Rxg6
27. Qe2 c4 28. Be1 Bf6 29. Bf2 Be7 30. Rg1 Ra6 31. a3 Rh6 32. Be1 Rg6 33. Rxg6
Qxg6 34. Qxc4 Qg4 35. Qf1 Qd1 36. Qf2 b5 37. Kg1 Qg4+ 38. Kf1 a6 39. Qg2 Qh5
40. Qg3 Kf7 41. h3 Kf8 42. Kg2 Qe2+ 43. Qf2 Qh5 44. Kh2 Qd1 45. Qd2 Qf3 46. Bg3
Bd6 47. Qf2 Qd1 48. Bh4 Kf7 49. Kg2 Ke6 50. Qe1 Qc2+ 51. Qf2 Qd1 52. Bd8 Kd7
53. Ba5 Be7 54. Bb4 Bf6 55. Qf1 Qd2+ 56. Qf2 Qd1 57. Qf1 Qd2+ 58. Qf2 1/2-1/2

[Event "Vellmar Chess Days"]
[Site "chess24.com"]
[Date "2015.08.09"]
[Round "6.8"]
[White "Kersten, Uwe"]
[Black "Nies, Peter"]
[Result "1-0"]
[WhiteElo "2300"]
[BlackElo "2056"]
[PlyCount "81"]
[EventDate "2015.??.??"]
[WhiteTeam "Germany"]
[BlackTeam "Germany"]
[WhiteTeamCountry "GER"]
[BlackTeamCountry "GER"]
[WhiteClock "0:01:19"]
[BlackClock "0:07:48"]

1. d4 e6 2. Nf3 Nf6 3. e3 c5 4. Bd3 cxd4 5. exd4 b6 6. O-O Bb7 7. c4 d6 8. Nc3
Be7 9. d5 e5 10. Ng5 h6 11. Nge4 Nxe4 12. Nxe4 O-O 13. Bxh6 gxh6 14. Qg4+ Kh8
15. Nf6 Rg8 16. Nxg8 Qxg8 17. Qh3 Kg7 18. f4 Bf6 19. Rae1 Bc8 20. Bf5 Na6 21.
Re3 exf4 22. Rxf4 Bg5 23. Rg3 Kh8 24. Rh4 Bxf5 25. Qxf5 Qe8 26. Qf6+ Kh7 27.
Qf5+ Kh8 28. Re4 Qa4 29. h4 Nc5 30. Reg4 Qd7 31. Qxd7 Nxd7 32. hxg5 h5 33. Rh4
Kg7 34. Rxh5 Ne5 35. b3 Re8 36. Re3 a5 37. Rh6 a4 38. Rxd6 axb3 39. axb3 Nxc4
40. Rxe8 Nxd6 41. Rb8 1-0

[Event "Vellmar Chess Days"]
[Site "chess24.com"]
[Date "2015.08.09"]
[Round "6.9"]
[White "Jeske, Mark"]
[Black "Biastoch, Bennet"]
[Result "1/2-1/2"]
[WhiteElo "2124"]
[BlackElo "2046"]
[PlyCount "48"]
[EventDate "2015.??.??"]
[WhiteTeam "Germany"]
[BlackTeam "Germany"]
[WhiteTeamCountry "GER"]
[BlackTeamCountry "GER"]
[WhiteClock "0:26:44"]
[BlackClock "0:52:39"]

1. d4 Nf6 2. Nf3 g6 3. g3 Bg7 4. Bg2 O-O 5. O-O d6 6. b3 Nc6 7. Bb2 e5 8. dxe5
Ng4 9. Nbd2 Ngxe5 10. Nxe5 Nxe5 11. Rb1 Rb8 12. h3 Bd7 13. f4 Nc6 14. Bxg7 Kxg7
15. e4 f5 16. c3 Re8 17. Qf3 Qf6 18. Rbe1 Re7 19. exf5 Bxf5 20. g4 Bd7 21. Ne4
Qf7 22. f5 gxf5 23. gxf5 Kh8 24. Ng5 Qf6 1/2-1/2

[Event "Vellmar Chess Days"]
[Site "chess24.com"]
[Date "2015.08.09"]
[Round "6.10"]
[White "Sieber, Fiona"]
[Black "Bleecke, Sebastian"]
[Result "1-0"]
[WhiteElo "2098"]
[BlackElo "1932"]
[PlyCount "45"]
[EventDate "2015.??.??"]
[WhiteTeam "Germany"]
[BlackTeam "Germany"]
[WhiteTeamCountry "GER"]
[BlackTeamCountry "GER"]
[WhiteClock "0:26:06"]
[BlackClock "0:57:54"]

1. e4 c5 2. Nf3 e6 3. d4 cxd4 4. Nxd4 Nc6 5. Nc3 Qc7 6. f4 a6 7. Nxc6 Qxc6 8.
Bd3 b5 9. Qe2 Bb7 10. Bd2 Be7 11. a3 Rc8 12. O-O-O h5 13. Rhe1 Nf6 14. Kb1 Qb6
15. e5 Nd5 16. Ne4 b4 17. axb4 Nxb4 18. Bxb4 Bxb4 19. Nd6+ Bxd6 20. exd6 Qxd6
21. Bb5 Qxf4 22. Bxd7+ Ke7 23. Bxe6 1-0

[Event "Vellmar Chess Days"]
[Site "chess24.com"]
[Date "2015.08.09"]
[Round "6.11"]
[White "Rogozenco, Teodora"]
[Black "Kobs, Stephan"]
[Result "1-0"]
[WhiteElo "2096"]
[BlackElo "1920"]
[PlyCount "53"]
[EventDate "2015.??.??"]
[WhiteTeam "Germany"]
[BlackTeam "Germany"]
[WhiteTeamCountry "GER"]
[BlackTeamCountry "GER"]
[WhiteClock "0:04:45"]
[BlackClock "0:01:24"]

1. d4 d5 2. c4 e5 3. dxe5 d4 4. Nf3 Nc6 5. g3 Be6 6. b3 Qd7 7. Bg2 O-O-O 8. O-O
Be7 9. e3 Bh3 10. exd4 Bxg2 11. Kxg2 h5 12. Bb2 h4 13. Qe2 hxg3 14. fxg3 Qh3+
15. Kg1 Nh6 16. Na3 Bxa3 17. Bxa3 Nxd4 18. Nxd4 Rxd4 19. Bb2 Rg4 20. Rf3 Rg6
21. Raf1 Ng4 22. Rxf7 Qxh2+ 23. Qxh2 Rxh2 24. e6 Rxe6 25. Rxg7 Re8 26. Be5 Rxa2
27. Rxc7+ 1-0

[Event "Vellmar Chess Days"]
[Site "chess24.com"]
[Date "2015.08.09"]
[Round "6.12"]
[White "Werner, Martin"]
[Black "Jans, Micha"]
[Result "1/2-1/2"]
[WhiteElo "1993"]
[BlackElo "2095"]
[PlyCount "36"]
[EventDate "2015.??.??"]
[WhiteTeam "Germany"]
[BlackTeam "Netherlands"]
[WhiteTeamCountry "GER"]
[BlackTeamCountry "NED"]
[WhiteClock "0:22:21"]
[BlackClock "0:23:52"]

1. d4 d5 2. c4 c6 3. Nf3 Nf6 4. Qc2 dxc4 5. e4 b5 6. b3 cxb3 7. axb3 e6 8. Bd2
Bb7 9. Bd3 h6 10. Ba5 Qc8 11. O-O Be7 12. Rc1 O-O 13. Qb2 a6 14. Nbd2 Nbd7 15.
b4 Qb8 16. Nb3 e5 17. Rd1 Bd6 18. Nc5 Re8 1/2-1/2

[Event "Vellmar Chess Days"]
[Site "chess24.com"]
[Date "2015.08.09"]
[Round "6.13"]
[White "Koellner, Ruben Gideon"]
[Black "Von Auer, Ulrich"]
[Result "1-0"]
[WhiteElo "1790"]
[BlackElo "2073"]
[PlyCount "121"]
[EventDate "2015.??.??"]
[WhiteTeam "Germany"]
[BlackTeam "Germany"]
[WhiteTeamCountry "GER"]
[BlackTeamCountry "GER"]
[WhiteClock "0:29:39"]
[BlackClock "0:12:48"]

1. d4 Nf6 2. Nf3 g6 3. e3 Bg7 4. c4 O-O 5. Bd3 d6 6. O-O Nbd7 7. Nc3 e5 8. dxe5
dxe5 9. Be2 c6 10. Qc2 Qe7 11. b3 Re8 12. Bb2 Nc5 13. Rad1 Bf5 14. Qc1 Nfd7 15.
Ba3 e4 16. Nd4 Qg5 17. Nxf5 gxf5 18. Rfe1 Re6 19. Na4 Rg6 20. g3 Nd3 21. Bxd3
exd3 22. Bb2 Qg4 23. Rxd3 Ne5 24. Bxe5 Bxe5 25. Qd1 Qh3 26. Qf3 Rh6 27. Qg2 Qg4
28. Red1 Rg6 29. Nc5 b6 30. Rd8+ Rxd8 31. Rxd8+ Kg7 32. Nd3 Rd6 33. Rxd6 Bxd6
34. f3 Qg5 35. Qb2+ Kg8 36. Nf4 Bxf4 37. exf4 Qd8 38. Qc2 Qd4+ 39. Kg2 c5 40.
Qe2 Kf8 41. Kh3 Qc3 42. Qd1 Kg7 43. Qd5 Qc2 44. Qe5+ Kg6 45. g4 fxg4+ 46. fxg4
f6 47. Qe8+ Kg7 48. Qe7+ Kg8 49. Qxf6 Qxa2 50. Qe6+ Kf8 51. Qe3 a5 52. f5 a4
53. Qh6+ Ke8 54. Qe6+ Kd8 55. Qxb6+ Ke8 56. Qc6+ Kf7 57. Qxa4 Qd2 58. Qa7+ Kf6
59. Qxc5 Kg5 60. Qe7+ Kf4 61. Qc7+ 1-0

[Event "Vellmar Chess Days"]
[Site "chess24.com"]
[Date "2015.08.09"]
[Round "6.14"]
[White "Koronowski, Heinz-Juergen"]
[Black "Verhoef, Pieter"]
[Result "1-0"]
[WhiteElo "1700"]
[BlackElo "2015"]
[PlyCount "157"]
[EventDate "2015.??.??"]
[WhiteTeam "Germany"]
[BlackTeam "Netherlands"]
[WhiteTeamCountry "GER"]
[BlackTeamCountry "NED"]
[WhiteClock "0:27:00"]
[BlackClock "1:08:27"]

1. e4 e5 2. Nf3 Nf6 3. Nxe5 d6 4. Nf3 Nxe4 5. d4 d5 6. Bd3 Bd6 7. O-O O-O 8. c4
c6 9. cxd5 cxd5 10. Nc3 Nxc3 11. bxc3 Bg4 12. Be2 Qc7 13. h3 Bh5 14. Bd2 Nd7
15. Re1 Rfe8 16. Nh4 Bxe2 17. Rxe2 Nb6 18. Nf5 Bh2+ 19. Kh1 Bf4 20. Rxe8+ Rxe8
21. Qg4 g6 22. Bxf4 Qxc3 23. Rc1 Re1+ 24. Rxe1 Qxe1+ 25. Kh2 Qxf2 26. Ne3 Nc4
27. Nxd5 Qxd4 28. Ne7+ Kh8 29. Qf3 Ne5 30. Qe3 Qxe3 31. Bxe3 f6 32. Bxa7 Nd3
33. Nd5 f5 34. Bd4+ Kg8 35. Kg3 Nc1 36. Be3 Nxa2 37. Kf2 b5 38. Bd2 Kf7 39. Ke3
g5 40. Kd3 f4 41. Kc2 Ke6 42. Nc7+ Kf5 43. Nxb5 g4 44. Nd4+ Ke4 45. Ne2 gxh3
46. gxh3 h5 47. Nxf4 h4 48. Kd1 Nb4 49. Ke2 Nc6 50. Ng6 Nd4+ 51. Kf2 Kf5 52.
Nxh4+ Ke6 53. Bc3 Nc6 54. Kg3 Kf7 55. Kf4 Ne7 56. Kg5 Nd5 57. Bd4 Nc7 58. Bb2
Ne6+ 59. Kf5 Nc5 60. Kg4 Kg8 61. Nf5 Kh7 62. h4 Ne4 63. Ng3 Nd6 64. Kg5 Nf7+
65. Kf4 Nd8 66. Nf5 Ne6+ 67. Kg4 Nc5 68. Ne7 Nd7 69. Kg5 Nc5 70. Bc1 Ne6+ 71.
Kg4 Nc5 72. Nd5 Ne6 73. Bb2 Nc5 74. Nf6+ Kg6 75. h5+ Kf7 76. Kf5 Ne6 77. Ng4
Nd8 78. h6 Nc6 79. Ne5+ 1-0

[Event "Vellmar Chess Days"]
[Site "chess24.com"]
[Date "2015.08.09"]
[Round "6.15"]
[White "Braun, Ingram"]
[Black "Gassmann, Volker"]
[Result "0-1"]
[WhiteElo "1949"]
[BlackElo "2207"]
[PlyCount "74"]
[EventDate "2015.??.??"]
[WhiteTeam "Germany"]
[BlackTeam "Germany"]
[WhiteTeamCountry "GER"]
[BlackTeamCountry "GER"]
[WhiteClock "0:00:49"]
[BlackClock "0:34:16"]

1. g3 d5 2. d3 Nf6 3. Bg2 c6 4. f4 Nbd7 5. Nf3 Qb6 6. e3 e6 7. O-O Bd6 8. d4
O-O 9. Nbd2 Qc7 10. Ne5 b6 11. e4 dxe4 12. Nxe4 Nxe4 13. Bxe4 Bb7 14. Nxd7 Qxd7
15. Be3 Rfd8 16. Qe2 Rac8 17. f5 Rc7 18. f6 g6 19. Qf3 Ba6 20. Rf2 Bc4 21. Bf4
Bd5 22. Re1 Bxf4 23. Qxf4 Qd6 24. Qd2 Qf8 25. b3 c5 26. Qf4 Rcd7 27. dxc5 Bxe4
28. Rxe4 Qxc5 29. Qh6 Qf8 30. Qe3 Rd5 31. Rh4 R8d7 32. Kg2 Rc5 33. g4 Rdd5 34.
Rd2 Qa8 35. Kg1 Rg5 36. Qf2 h5 37. c4 Qe4 0-1

[Event "Vellmar Chess Days"]
[Site "chess24.com"]
[Date "2015.08.09"]
[Round "6.16"]
[White "Calvi, Stefan"]
[Black "Grcic, Vukasin"]
[Result "1-0"]
[WhiteElo "2041"]
[BlackElo "1905"]
[PlyCount "135"]
[EventDate "2015.??.??"]
[WhiteTeam "Germany"]
[BlackTeam "Serbia"]
[WhiteTeamCountry "GER"]
[BlackTeamCountry "SRB"]
[WhiteClock "0:09:07"]
[BlackClock "1:29:38"]

1. e4 c5 2. c3 d5 3. exd5 Qxd5 4. d4 Nc6 5. Nf3 Bf5 6. Be3 Nf6 7. c4 Qd7 8. Nc3
cxd4 9. Nxd4 Nxd4 10. Qxd4 Qxd4 11. Bxd4 a6 12. Be2 e6 13. Bf3 O-O-O 14. O-O-O
Bd6 15. g3 e5 16. Bb6 Bc7 17. Bxc7 Kxc7 18. Nd5+ Nxd5 19. Bxd5 f6 20. b3 Rd7
21. Rd2 Rhd8 22. Rhd1 Bg4 23. f3 Bh5 24. Kc2 a5 25. Kc3 Kb6 26. a3 Kc7 27. b4
axb4+ 28. axb4 Kb6 29. g4 Bg6 30. c5+ Kc7 31. b5 Kb8 32. b6 h6 33. Kc4 Bf7 34.
Rd3 Bg6 35. Be4 Bf7+ 36. Kc3 Rxd3+ 37. Rxd3 Rxd3+ 38. Kxd3 h5 39. h3 hxg4 40.
hxg4 Kc8 41. c6 bxc6 42. Bxc6 Be6 43. Ke4 Kb8 44. Kd3 Kc8 45. Kc3 g6 46. Kb4 f5
47. g5 Ba2 48. Kc5 Bb1 49. Kd5 e4 50. Kd4 exf3 51. Bxf3 Kb8 52. Ke5 Kc8 53. Bd5
Kb8 54. Bf7 f4 55. Kxf4 Kb7 56. Ke5 Kxb6 57. Kf6 Kc7 58. Bxg6 Ba2 59. Ke7 Kc6
60. Be4+ Kc5 61. g6 Kd4 62. Bc2 Ke5 63. g7 Kf4 64. Kf8 Kg5 65. Bh7 Kh6 66. Bg8
Bb1 67. Bb3 Bh7 68. Bc2 1-0

[Event "Vellmar Chess Days"]
[Site "chess24.com"]
[Date "2015.08.09"]
[Round "6.17"]
[White "Krausse, Eckhard"]
[Black "Schirra, Maurice"]
[Result "1-0"]
[WhiteElo "1999"]
[BlackElo "1828"]
[PlyCount "47"]
[EventDate "2015.??.??"]
[WhiteTeam "Germany"]
[BlackTeam "Germany"]
[WhiteTeamCountry "GER"]
[BlackTeamCountry "GER"]
[WhiteClock "0:16:20"]
[BlackClock "0:08:54"]

1. e4 e5 2. f4 exf4 3. Nf3 d5 4. exd5 Nf6 5. c4 c6 6. d4 cxd5 7. Bxf4 dxc4 8.
Bxc4 Bd6 9. Qe2+ Be7 10. O-O O-O 11. Nc3 a6 12. Rae1 Nc6 13. Kh1 Na5 14. Bd3
Re8 15. h3 Bd6 16. Be5 Bxe5 17. dxe5 Nh5 18. Kh2 Nf4 19. Bxh7+ Kxh7 20. Qe4+
Ng6 21. Rd1 Qc7 22. Nd5 Qb8 23. Ng5+ Kg8 24. Ne7+ 1-0

[Event "Vellmar Chess Days"]
[Site "chess24.com"]
[Date "2015.08.09"]
[Round "6.19"]
[White "Wastian, Jan"]
[Black "Knoth, Eugen"]
[Result "1/2-1/2"]
[WhiteElo "1760"]
[BlackElo "1993"]
[PlyCount "25"]
[EventDate "2015.??.??"]
[WhiteTeam "Germany"]
[BlackTeam "Germany"]
[WhiteTeamCountry "GER"]
[BlackTeamCountry "GER"]
[WhiteClock "0:54:30"]
[BlackClock "1:11:48"]

1. e4 e6 2. Nf3 d5 3. Nc3 dxe4 4. Nxe4 Bd7 5. d4 Bc6 6. Bd3 Nd7 7. c3 Ngf6 8.
Nxf6+ Nxf6 9. Qe2 Bxf3 10. Qxf3 c6 11. O-O Be7 12. Qh3 O-O 13. Be3 1/2-1/2

[Event "Vellmar Chess Days"]
[Site "chess24.com"]
[Date "2015.08.09"]
[Round "6.22"]
[White "Kanbach, Mike"]
[Black "Schmidt, Kai-Uwe"]
[Result "0-1"]
[WhiteElo "1872"]
[BlackElo "2007"]
[PlyCount "60"]
[EventDate "2015.??.??"]
[WhiteTeam "Germany"]
[BlackTeam "Germany"]
[WhiteTeamCountry "GER"]
[BlackTeamCountry "GER"]
[WhiteClock "0:16:45"]
[BlackClock "0:08:09"]

1. d4 Nf6 2. Nf3 g6 3. Nbd2 Bg7 4. e4 d6 5. Bd3 O-O 6. O-O Nfd7 7. c3 Nc6 8.
Nc4 b5 9. Ne3 Rb8 10. Bd2 a5 11. Rb1 e5 12. d5 Ne7 13. b4 axb4 14. cxb4 f5 15.
Qc2 fxe4 16. Bxe4 Nf6 17. Rbc1 Bb7 18. Ng5 Nxe4 19. Ne6 Qc8 20. Qxe4 Qxe6 21.
Rxc7 Qf7 22. f4 Bxd5 23. Qd3 Bc4 24. Nxc4 bxc4 25. Qe3 Qe6 26. Qa7 Bf6 27. fxe5
dxe5 28. Bh6 Rfe8 29. Qa4 Qb6+ 30. Rc5 Nf5 0-1

[Event "Vellmar Chess Days"]
[Site "chess24.com"]
[Date "2015.08.09"]
[Round "6.23"]
[White "Rafiee, Kayvan"]
[Black "Boele, Martijn"]
[Result "1-0"]
[WhiteElo "1844"]
[BlackElo "1992"]
[PlyCount "43"]
[EventDate "2015.??.??"]
[WhiteTeam "Germany"]
[BlackTeam "Netherlands"]
[WhiteTeamCountry "GER"]
[BlackTeamCountry "NED"]
[WhiteClock "1:01:59"]
[BlackClock "1:15:05"]

1. e4 c5 2. d4 cxd4 3. c3 dxc3 4. Nxc3 Nc6 5. Nf3 e6 6. Bc4 a6 7. O-O Qc7 8.
Qe2 Bd6 9. Bg5 Nge7 10. Rac1 Ng6 11. Bb3 O-O 12. g3 Qb8 13. Rfd1 Na5 14. Bc2 b5
15. b3 Ba3 16. Rb1 Nc6 17. Re1 Nb4 18. h4 Qc7 19. Qd2 Nxc2 20. Qxc2 b4 21. h5
Nh8 22. Nd5 1-0

[Event "Vellmar Chess Days"]
[Site "chess24.com"]
[Date "2015.08.09"]
[Round "6.24"]
[White "Linke, Michael"]
[Black "Krosenbrink, Marcel"]
[Result "1-0"]
[WhiteElo "1840"]
[BlackElo "1982"]
[PlyCount "57"]
[EventDate "2015.??.??"]
[WhiteTeam "Germany"]
[BlackTeam "Netherlands"]
[WhiteTeamCountry "GER"]
[BlackTeamCountry "NED"]
[WhiteClock "0:26:06"]
[BlackClock "0:29:59"]

1. Nf3 Nf6 2. c4 e6 3. g3 b6 4. Bg2 Bb7 5. O-O Be7 6. d4 O-O 7. Nc3 Ne4 8. Qc2
f5 9. Ne5 d6 10. Nxe4 dxe5 11. Nf6+ Bxf6 12. Bxb7 Nd7 13. Bxa8 Qxa8 14. dxe5
Bxe5 15. Rd1 Nc5 16. Be3 Ne4 17. Bd4 Bd6 18. f3 Nf6 19. Qc3 Qe8 20. Be5 Bc5+
21. Kg2 Qc6 22. Bxf6 Rxf6 23. Rd8+ Bf8 24. Rad1 f4 25. g4 h5 26. g5 Rf5 27. h4
Kf7 28. Qd3 Qc5 29. Qd5 1-0

[Event "Vellmar Chess Days"]
[Site "chess24.com"]
[Date "2015.08.09"]
[Round "6.26"]
[White "Kirschner, Philipp"]
[Black "Stuckenschneider, Martin"]
[Result "1-0"]
[WhiteElo "1646"]
[BlackElo "1947"]
[PlyCount "111"]
[EventDate "2015.??.??"]
[WhiteTeam "Germany"]
[BlackTeam "Germany"]
[WhiteTeamCountry "GER"]
[BlackTeamCountry "GER"]
[WhiteClock "1:08:09"]
[BlackClock "0:25:58"]

1. d4 Nf6 2. Nf3 g6 3. c4 Bg7 4. Nc3 d5 5. cxd5 Nxd5 6. e4 Nxc3 7. bxc3 c5 8.
Bb5+ Nd7 9. O-O O-O 10. Be3 a6 11. Bd3 b5 12. a4 cxd4 13. Bxd4 e5 14. Be3 bxa4
15. Rxa4 Qc7 16. Qa1 Nf6 17. Rc4 Qd6 18. Rd1 Rd8 19. Bc2 Qe7 20. Rxd8+ Qxd8 21.
Nxe5 Be6 22. Ra4 Qd6 23. Bd4 Nh5 24. Nc4 Qc6 25. Ne3 Nf4 26. Kf1 Bxd4 27. cxd4
Qb5+ 28. Kg1 Bb3 29. Bxb3 Qxb3 30. Qd1 Qxd1+ 31. Nxd1 Rc8 32. g3 Ne6 33. Kg2
Rc1 34. Ne3 Kf8 35. d5 Nc5 36. Rd4 Nb3 37. Rb4 Nc5 38. Kf3 a5 39. Rc4 Nb3 40.
Rxc1 Nxc1 41. Nc4 a4 42. e5 Nd3 43. Ke3 Nb4 44. Kd4 Ke7 45. Na3 f6 46. e6 Kd6
47. Nc4+ Ke7 48. Nb6 a3 49. Kc3 a2 50. Kb2 g5 51. Nc8+ Kd8 52. e7+ Kd7 53. d6
Nd3+ 54. Kxa2 Nxf2 55. Nb6+ Ke8 56. Na8 1-0

[Event "Vellmar Chess Days"]
[Site "chess24.com"]
[Date "2015.08.09"]
[Round "6.28"]
[White "Freier, Werner"]
[Black "van Leyen, Peter"]
[Result "1-0"]
[WhiteElo "1912"]
[BlackElo "1730"]
[PlyCount "77"]
[EventDate "2015.??.??"]
[WhiteTeam "Germany"]
[BlackTeam "Germany"]
[WhiteTeamCountry "GER"]
[BlackTeamCountry "GER"]
[WhiteClock "0:17:12"]
[BlackClock "0:42:55"]

1. e4 c6 2. d4 d5 3. exd5 cxd5 4. c4 Nf6 5. Nc3 e6 6. Nf3 Be7 7. Be3 O-O 8. a3
dxc4 9. Bxc4 a6 10. O-O b5 11. Ba2 Bb7 12. Rc1 Nbd7 13. d5 exd5 14. Nxd5 Nxd5
15. Bxd5 Bxd5 16. Qxd5 Nf6 17. Qb7 Re8 18. Rc7 Qd5 19. Rxe7 Rxe7 20. Qxe7 Re8
21. Qc5 Qb3 22. Qc6 h6 23. Bd4 Re6 24. Qc8+ Kh7 25. Qc5 Ne4 26. Qf5+ Kg8 27.
Rc1 Nd6 28. Qc2 Qd5 29. Qc5 Qe4 30. h3 Rg6 31. Qc6 Qd3 32. Re1 a5 33. Bc5 Nc4
34. Qe8+ Kh7 35. Qxf7 Nxb2 36. Ne5 Qc2 37. Qxg6+ Qxg6 38. Nxg6 Kxg6 39. Rb1 1-0

[Event "Vellmar Chess Days"]
[Site "chess24.com"]
[Date "2015.08.09"]
[Round "6.29"]
[White "Bauch, Frank"]
[Black "Kuschel, Heidi"]
[Result "1/2-1/2"]
[WhiteElo "1899"]
[BlackElo "1713"]
[PlyCount "33"]
[EventDate "2015.??.??"]
[WhiteTeam "Germany"]
[BlackTeam "Germany"]
[WhiteTeamCountry "GER"]
[BlackTeamCountry "GER"]
[WhiteClock "1:02:43"]
[BlackClock "0:58:18"]

1. d4 Nf6 2. Nf3 g6 3. g3 Bg7 4. Bg2 O-O 5. O-O d5 6. Nbd2 Nbd7 7. b3 c5 8. Bb2
cxd4 9. Bxd4 Re8 10. e3 e5 11. Bb2 e4 12. Nd4 Ne5 13. h3 Bd7 14. Qe2 Qc8 15.
Kh2 h5 16. f4 exf3 17. N2xf3 1/2-1/2

[Event "Vellmar Chess Days"]
[Site "chess24.com"]
[Date "2015.08.09"]
[Round "6.30"]
[White "Meise, Jan"]
[Black "Koenig, Friedrich Theodor"]
[Result "1/2-1/2"]
[WhiteElo "1816"]
[BlackElo "1730"]
[PlyCount "50"]
[EventDate "2015.??.??"]
[WhiteTeam "Germany"]
[BlackTeam "Germany"]
[WhiteTeamCountry "GER"]
[BlackTeamCountry "GER"]
[WhiteClock "0:15:37"]
[BlackClock "0:07:13"]

1. d4 d5 2. c4 e5 3. dxe5 d4 4. g3 Nc6 5. Nf3 Be6 6. Nbd2 Nge7 7. Bg2 Qd7 8.
Ng5 O-O-O 9. Nxe6 Qxe6 10. Qb3 Qxe5 11. O-O f5 12. Nf3 Qe6 13. Bd2 h6 14. h4
Ng6 15. h5 Nge5 16. Nxe5 Qxe5 17. Bf4 Qf6 18. Qb5 a6 19. Qa4 Bd6 20. Bxc6 Bxf4
21. Bg2 Bd6 22. Qb3 c6 23. Qf3 Rhe8 24. Bh3 Kb8 25. Rab1 Qe6 1/2-1/2

[Event "Vellmar Chess Days"]
[Site "chess24.com"]
[Date "2015.08.09"]
[Round "6.31"]
[White "Schnegelsberg, Karl-Heinz"]
[Black "Verhoef, Ruud"]
[Result "1-0"]
[WhiteElo "2006"]
[BlackElo "1911"]
[PlyCount "27"]
[EventDate "2015.??.??"]
[WhiteTeam "Germany"]
[BlackTeam "Netherlands"]
[WhiteTeamCountry "GER"]
[BlackTeamCountry "NED"]
[WhiteClock "0:58:26"]
[BlackClock "0:29:19"]

1. Nf3 b6 2. e4 Bb7 3. Nc3 d6 4. Bc4 Nd7 5. O-O e6 6. d4 Be7 7. a4 e5 8. a5
bxa5 9. dxe5 Nxe5 10. Nxe5 dxe5 11. Qh5 Kd7 12. Qf5+ Kc6 13. Bd5+ Kb6 14. Na4+
1-0

[Event "Vellmar Chess Days"]
[Site "chess24.com"]
[Date "2015.08.09"]
[Round "6.32"]
[White "Maar, Samuel"]
[Black "Reitz, Philipp"]
[Result "0-1"]
[WhiteElo "1902"]
[BlackElo "1773"]
[PlyCount "124"]
[EventDate "2015.??.??"]
[WhiteTeam "Germany"]
[BlackTeam "Germany"]
[WhiteTeamCountry "GER"]
[BlackTeamCountry "GER"]
[WhiteClock "0:00:43"]
[BlackClock "0:59:09"]

1. e4 e5 2. Nf3 Nc6 3. Bc4 Nf6 4. d3 Bc5 5. c3 d6 6. O-O O-O 7. a4 a5 8. d4 Bb6
9. dxe5 Nxe5 10. Nxe5 dxe5 11. Qxd8 Rxd8 12. Bg5 h6 13. Bxf6 gxf6 14. Na3 Bg4
15. h3 Bh5 16. g4 Bg6 17. Rad1 Bxe4 18. Be2 Bc5 19. Nc4 b6 20. Rd2 Rxd2 21.
Nxd2 Bc2 22. Bb5 Rd8 23. Nf3 e4 24. Ne1 Bb3 25. Ng2 Rd2 26. Nf4 Rxb2 27. c4 c6
28. Bxc6 Bxc4 29. Rd1 Bd3 30. Nxd3 exd3 31. Rxd3 Rxf2 32. Kh1 Rc2 33. Bb5 Kg7
34. Rd1 Ra2 35. Rd7 Ra3 36. Kg2 Kf8 37. h4 Ra2+ 38. Kf3 Rf2+ 39. Kg3 f5 40.
Rd8+ Kg7 41. Rd7 f4+ 42. Kh3 Rc2 43. g5 hxg5 44. hxg5 Kf8 45. Kg4 Be3 46. Kf5
Rd2 47. Bd3 Ke8 48. Rd5 Ke7 49. Ke4 Rb2 50. Bb5 Rb4+ 51. Ke5 f3 52. Rd7+ Kf8
53. Rd8+ Kg7 54. Rd1 f2 55. Rf1 Kg6 56. Bd3+ Kxg5 57. Bb5 Kg4 58. Rh1 Rxb5+ 59.
axb5 Kg3 60. Rd1 Kg2 61. Rb1 f1=Q 62. Rb2+ Kg1 0-1

[Event "Vellmar Chess Days"]
[Site "chess24.com"]
[Date "2015.08.09"]
[Round "6.33"]
[White "Rehbein, Ullrich"]
[Black "Kalkuhl, Thorsten"]
[Result "1-0"]
[WhiteElo "1832"]
[BlackElo "1731"]
[PlyCount "55"]
[EventDate "2015.??.??"]
[WhiteTeam "Germany"]
[BlackTeam "Germany"]
[WhiteTeamCountry "GER"]
[BlackTeamCountry "GER"]
[WhiteClock "0:42:53"]
[BlackClock "0:14:19"]

1. f4 c5 2. Nf3 Nc6 3. b3 Nf6 4. Bb2 Qc7 5. e3 d5 6. Be2 Bg4 7. O-O Bxf3 8.
Bxf3 e5 9. fxe5 Nxe5 10. Nc3 Nxf3+ 11. Qxf3 O-O-O 12. a4 a6 13. a5 h5 14. Ne2
Bd6 15. Bxf6 gxf6 16. Kh1 Rhg8 17. Ra4 Bxh2 18. Qh3+ f5 19. Qxh2 Qd7 20. Raf4
Rg5 21. Qh3 Rdg8 22. Rxf5 Rg4 23. Rxf7 Qd8 24. R1f4 Qe8 25. Rh7 Kb8 26. Rxg4
Rxg4 27. Qh2+ Ka8 28. Qc7 1-0

[Event "Vellmar Chess Days"]
[Site "chess24.com"]
[Date "2015.08.09"]
[Round "6.34"]
[White "Hilgert, Viktor"]
[Black "Mueller, Joachim"]
[Result "1-0"]
[WhiteElo "1905"]
[BlackElo "1923"]
[PlyCount "89"]
[EventDate "2015.??.??"]
[WhiteTeam "Germany"]
[BlackTeam "Germany"]
[WhiteTeamCountry "GER"]
[BlackTeamCountry "GER"]
[WhiteClock "0:28:32"]
[BlackClock "0:29:38"]

1. d4 Nf6 2. c4 g6 3. Nc3 Bg7 4. e4 d6 5. f3 O-O 6. Be3 a6 7. Bd3 e5 8. Nge2
Nh5 9. O-O f5 10. Qd2 f4 11. Bf2 Nc6 12. d5 Ne7 13. c5 Bd7 14. cxd6 cxd6 15. a4
g5 16. b4 g4 17. Kh1 Ng6 18. Qe1 Bf6 19. a5 Bh4 20. Bxh4 Nxh4 21. Ng1 Qg5 22.
Be2 Rf6 23. fxg4 Bxg4 24. Bxg4 Qxg4 25. Qf2 Raf8 26. Nf3 Nxf3 27. Qxf3 Qh4 28.
Rf2 Rc8 29. Rc1 Ng3+ 30. Kg1 Rh6 31. h3 Qg5 32. Rfc2 Qg6 33. Kf2 Rc4 34. b5
axb5 35. Nxb5 Nxe4+ 36. Kg1 Rxc2 37. Rxc2 Nc5 38. Rxc5 dxc5 39. Qb3 Kf8 40. Nc7
Qg3 41. Qxb7 Qe1+ 42. Kh2 Qxa5 43. Ne6+ Rxe6 44. dxe6 Qd8 45. Qf7# 1-0

[Event "Vellmar Chess Days"]
[Site "chess24.com"]
[Date "2015.08.09"]
[Round "7.1"]
[White "Langheinrich, Ferenc"]
[Black "Hilverda, Alexander"]
[Result "1-0"]
[WhiteElo "2385"]
[BlackElo "2382"]
[PlyCount "105"]
[EventDate "2015.??.??"]
[WhiteTeam "Germany"]
[BlackTeam "Germany"]
[WhiteTeamCountry "GER"]
[BlackTeamCountry "GER"]
[WhiteClock "0:18:16"]
[BlackClock "0:12:52"]

1. e4 c5 2. b3 b6 3. Bb2 Bb7 4. Nc3 d6 5. f4 a6 6. a4 Nd7 7. Nf3 e6 8. Bd3 Ne7
9. O-O Qc7 10. f5 exf5 11. Nd5 Nxd5 12. exd5 O-O-O 13. c4 Rg8 14. Ng5 g6 15.
Nxf7 Re8 16. Ng5 Ne5 17. Be2 a5 18. d4 cxd4 19. Bxd4 Bg7 20. Ne6 Rxe6 21. dxe6
Re8 22. Rf2 Rxe6 23. Qd2 Be4 24. Qc3 Bh6 25. Qh3 Bg5 26. Qg3 Bf6 27. Qc3 Bh4
28. Rf4 Bg5 29. Rxe4 fxe4 30. Qh3 Qd7 31. Bxe5 Rxe5 32. Bg4 Rf5 33. Bxf5 gxf5
34. Rf1 f4 35. Qxd7+ Kxd7 36. Re1 e3 37. Kf1 Ke6 38. Rd1 Bf6 39. Ke2 Be5 40.
Kf3 h5 41. g3 fxg3 42. hxg3 Kd7 43. Rh1 e2 44. Kf2 Kc6 45. Rh3 Kc5 46. Rxh5 Kb4
47. g4 e1=Q+ 48. Kxe1 Bc3+ 49. Ke2 Kxb3 50. Kd3 Ba1 51. Rb5+ Kxa4 52. Rxb6 Be5
53. Rb5 1-0